00509nam a2200205Ia 4500003000400000008004100004040001600045082001300061100001700074245004000091700002000131700001800151700001400169260005100183300001100234650001200245650001500257650001700272650001400289GCL140319s9999 xx 000 0 eng d aGCL / cGCL04a570bG B1 aSTOUT, G. W.10aBIOLOGICAL SCIENCE / cSTOUT, G. W.1 aGREEN, N. P. O.1 aTAYLOR, D. J.1 aSOPER, R. a[S.N] : bCAMBRIBGE UNIVERSITY PRESS ، c1995 a972 PP04aBIOLOGY04aBIOLOGICAL04aLIFE, ORIGIN04aEVOLUTION